00432nam a2200169Ia 4500003000400000005001700004008004100021040001800062041000800080082002100088100002400109245005100133250001200184260003600196300002400232440000600256OSt20250128094442.0210716s1960 xx 000 0 und d cAIMIT LIBRARY aeng a808.83 21bSAND aSanderson, Douglas. aCatch a fallen starlet /cBy Douglas Sanderson a1st ed. aNew York :bAvon Books ;c1960. a157p. ;bPBc17 cm. v6